The static load-deformation behavior of planar steel structures /

Bewaard in:
Bibliografische gegevens
Hoofdauteur: Lay, Maxwell G., 1936-
Formaat: Thesis Boek
Taal:English
Gepubliceerd in: Bethlehem, Pa. : Fritz Engineering Laboratory, Lehigh University, 1964.
Reeks:Fritz Engineering Laboratory report ; 297.6
Onderwerpen:
LEADER 01314ctm a2200313Ia 4500
001 c000278827
003 CARM
005 20080102122719.0
008 960905s1964 pau 000 0 eng d
019 1 |a 50075084  |5 LACONCORD2021 
035 |a (OCoLC)812549305  |5 LACONCORD2021 
040 |a VCAV  |c VCAV 
082 0 4 |a 624 
100 1 |a Lay, Maxwell G.,  |d 1936- 
245 1 4 |a The static load-deformation behavior of planar steel structures /  |c by Maxwell G. Lay. 
246 3 0 |a Plastic design in high strength steel. 
260 |a Bethlehem, Pa. :  |a Fritz Engineering Laboratory, Lehigh University,  |c 1964. 
300 |a xiv, 242 leaves :  |b ill., charts ;  |c 29 cm. 
440 0 |a Fritz Engineering Laboratory report ;  |v 297.6 
502 |a Originally issued as Ph. D. thesis, Lehigh University, 1964. 
504 |a Includes bibliographical references (leaves 233-240). 
500 |a Includes vita. 
500 |a On cover: Plastic design in high strength steel. 
650 0 |a Steel, Structural. 
650 0 |a Building, Iron and steel. 
650 0 |a Deformations (Mechanics) 
852 8 |b CARM  |h A3:AM23D0  |i E02093  |p 0398694  |f BK 
999 f f |i 53d1c50f-f92f-5ec1-ab17-f4a1133ffd27  |s 02b0f1b4-5eea-5122-b8b7-fdda8536504d 
952 f f |p Can circulate  |a CAVAL  |b CAVAL  |c CAVAL  |d CARM 1 Store  |e E02093  |f A3:AM23D0  |h Other scheme  |i unspecified  |m 0398694